|
|
|
|
| LEADER |
01242nam a22003254a 4500 |
| 001 |
7028 |
| 003 |
BD-DhAAL |
| 005 |
20150615113356.0 |
| 008 |
150615s2005 njua b 001 0ceng |
| 010 |
|
|
|a 2005007001
|
| 020 |
|
|
|a 9780471273912 (acidfree paper)
|
| 020 |
|
|
|a 0471273910 (acidfree paper)
|
| 040 |
|
|
|a DLC
|c DLC
|d DLC
|d BD-DhAAL
|
| 050 |
0 |
0 |
|a QD22.C79
|b B75 2005
|
| 082 |
0 |
0 |
|a 540/.92/2
|a B
|2 22
|
| 100 |
1 |
|
|a Brian, Denis.
|9 12081
|
| 245 |
1 |
4 |
|a The Curies :
|b a biography of the most controversial family in science /
|c Denis Brian.
|
| 260 |
|
|
|a Hoboken, N.J. :
|b Wiley,
|c c2005.
|
| 300 |
|
|
|a ix, 438 p. :
|b ill. ;
|c 25 cm.
|
| 504 |
|
|
|a Includes bibliographical references (p. 424-426) and index.
|
| 541 |
|
|
|e 7028
|
| 600 |
3 |
0 |
|a Curie family.
|9 12082
|
| 600 |
1 |
0 |
|a Curie, Marie,
|d 1867-1934.
|9 12083
|
| 600 |
1 |
0 |
|a Curie, Pierre,
|d 1859-1906.
|9 12084
|
| 650 |
|
0 |
|a Chemists
|z Poland
|v Biography.
|9 12085
|
| 650 |
|
0 |
|a Chemists
|z France
|v Biography.
|9 12086
|
| 650 |
|
0 |
|a Physicists
|z France
|v Biography.
|9 12087
|
| 942 |
|
|
|2 ddc
|c BK
|
| 999 |
|
|
|c 34725
|d 34725
|
| 952 |
|
|
|0 0
|1 0
|2 ddc
|4 0
|6 540_922000000000000_BRI
|7 0
|9 54304
|a SCL
|b SCL
|c GEN
|d 2015-06-15
|e Gift: The Asia Foundation
|l 2
|m 5
|o 540.922 BRI
|p 3020007028
|r 2019-10-20
|s 2019-09-20
|t 1
|w 2015-06-15
|y BK
|